|
|
|
|
| LEADER |
02641nam a2200697 a 4500 |
| 001 |
nkc20071712964 |
| 003 |
CZ PrNK |
| 005 |
20220831073325.0 |
| 007 |
ta |
| 008 |
070319s2007 xr cf e 000 1 cze |
| 015 |
|
|
|a cnb001712964
|
| 020 |
|
|
|a 978-80-7195-126-1
|q (brož.) :
|c Kč 79,00
|
| 035 |
|
|
|a (OCoLC)187295656
|
| 040 |
|
|
|a ABA001
|b cze
|d OLA001
|d BOA001
|
| 043 |
|
|
|a e-xr---
|
| 045 |
|
|
|a x3y0
|
| 072 |
|
7 |
|a 27
|x Křesťanství. Křesťanská církev všeobecně. Eklesiologie
|2 Konspekt
|9 5
|
| 080 |
|
|
|a 17.02
|2 MRF
|
| 080 |
|
|
|a 27
|2 MRF
|
| 080 |
|
|
|a 27-184.3
|2 MRF
|
| 080 |
|
|
|a 272
|2 MRF
|
| 080 |
|
|
|a 27-662:3
|2 MRF
|
| 080 |
|
|
|a 316.42"19/20"
|2 MRF
|
| 080 |
|
|
|a 272-732.2-725.2
|2 MRF
|
| 080 |
|
|
|a 316.64
|2 MRF
|
| 080 |
|
|
|a (437.3)
|2 MRF
|
| 080 |
|
|
|a (042.5)
|2 MRF
|
| 080 |
|
|
|a (0:82-4)
|2 MRF
|
| 080 |
|
|
|a (047.53)
|2 MRF
|
| 100 |
1 |
|
|a Vlk, Miloslav,
|d 1932-2017
|7 jk01150159
|4 aut
|
| 245 |
1 |
0 |
|a Úvahy o životě a smrti /
|c Miloslav Vlk ; [z promluv kardinála ... v Rádiu Svobodná Evropa a ve farnostech v letech 1994-2005 vybrala Olga Kopecká-Valeská]
|
| 260 |
|
|
|a Kostelní Vydří :
|b Karmelitánské nakladatelství,
|c 2007
|
| 300 |
|
|
|a 61 s., [8] s. barev. obr. příl. :
|b portréty ;
|c 15 cm
|
| 600 |
1 |
7 |
|a Vlk, Miloslav,
|d 1932-2017
|7 jk01150159
|2 czenas
|
| 648 |
|
7 |
|a 20.-21. století
|7 ch462155
|2 czenas
|
| 650 |
0 |
7 |
|a smysl života
|7 ph125718
|x křesťanské pojetí
|2 czenas
|
| 650 |
0 |
7 |
|a křesťanská víra
|7 ph122113
|2 czenas
|
| 650 |
0 |
7 |
|a katolicismus
|7 ph121523
|2 czenas
|
| 650 |
0 |
7 |
|a křesťanství a společnost
|7 ph138510
|2 czenas
|
| 650 |
0 |
7 |
|a postmoderní společnost
|7 ph124410
|x křesťanské pojetí
|2 czenas
|
| 650 |
0 |
7 |
|a kardinálové
|7 ph121465
|z Česko
|y 20.-21. století
|2 czenas
|
| 650 |
0 |
7 |
|a názory a postoje
|7 ph137634
|2 czenas
|
| 650 |
0 |
9 |
|a sense of life
|x Christian approach
|2 eczenas
|
| 650 |
0 |
9 |
|a Christian faith
|2 eczenas
|
| 650 |
0 |
9 |
|a Catholicism
|2 eczenas
|
| 650 |
0 |
9 |
|a Christianity and civilization
|2 eczenas
|
| 650 |
0 |
9 |
|a postmodern society
|x Christian approach
|2 eczenas
|
| 650 |
0 |
9 |
|a cardinals
|z Czechia
|y 20th-21st centuries
|2 eczenas
|
| 650 |
0 |
9 |
|a views and attitudes
|2 eczenas
|
| 655 |
|
7 |
|a projevy
|7 fd133137
|2 czenas
|
| 655 |
|
7 |
|a úvahy
|7 fd134000
|2 czenas
|
| 655 |
|
7 |
|a rozhovory
|7 fd133303
|2 czenas
|
| 655 |
|
9 |
|a speeches
|2 eczenas
|
| 655 |
|
9 |
|a essays
|2 eczenas
|
| 655 |
|
9 |
|a interviews
|2 eczenas
|
| 700 |
1 |
|
|a Valeská, Olga,
|d 1941-2022
|7 jk01141277
|4 com
|
| 910 |
2 |
|
|a BOA001
|b 1-1187.138
|
| 990 |
|
|
|a BK
|
| 995 |
|
|
|a 01
|
| 991 |
|
|
|b 200706
|c NOV
|
| 996 |
6 |
|
|b 2610312314
|c 1-1187.138
|l MZK
|r Sklad / do 1 hodiny
|n 4
|p p.v.
|w 000852224
|u 000010
|a 1
|e BOA001
|j MZK50
|s P
|